000
00330nam a22001457a 4500
008
240205b ||||| |||| 00| 0 eng d
020
_a
0683077007
041
_a
eng
080
_2
1985
_a
616
082
_a
616SHI
100
_a
11.2
101
_a
REUMATOLOGJI
245
_a
RHEUMATIC DISEASES
_c
MICHAEL SHIPLEY
942
_2
udc
_c
BK
999
_c
60572
_d
60572